Proposal to change IHT rules (Record no. 62770)

MARC details
000 -LEADER
fixed length control field 00798cam a2200229 4500
001 - CONTROL NUMBER
control field WB3610-52
008 - FIXED-LENGTH DATA ELEMENTS--GENERAL INFORMATION
fixed length control field 000000n 000 0 eng u
035 ## - SYSTEM CONTROL NUMBER
System control number (Sirsi) u104616
245 ## - TITLE STATEMENT
Title Proposal to change IHT rules
260 ## - PUBLICATION, DISTRIBUTION, ETC.
-- 000
490 ## - SERIES STATEMENT
Series statement Financial Times
Volume/sequential designation 7 March 2000, 8(1)
520 ## - SUMMARY, ETC.
Summary, etc. The Inland Revenue argues that the public should be able to gain access, without appointment, to certain heritage properties whose owners get valuable inheritance tax (IHT) breaks. Rules as to what constitutes an item of cultural interest will also be tightened.
590 ## - LOCAL NOTE (RLIN)
Local note WB
650 ## - SUBJECT ADDED ENTRY--TOPICAL TERM
Topical term or geographic name entry element IHT
650 ## - SUBJECT ADDED ENTRY--TOPICAL TERM
Topical term or geographic name entry element INHERITANCE TAX
650 ## - SUBJECT ADDED ENTRY--TOPICAL TERM
Topical term or geographic name entry element INLAND REVENUE
650 ## - SUBJECT ADDED ENTRY--TOPICAL TERM
Topical term or geographic name entry element PUBLIC ACCESS
650 ## - SUBJECT ADDED ENTRY--TOPICAL TERM
Topical term or geographic name entry element FINANCE ACT 1998
650 ## - SUBJECT ADDED ENTRY--TOPICAL TERM
Topical term or geographic name entry element HERITAGE PROPERTY
690 ## - LOCAL SUBJECT ADDED ENTRY--TOPICAL TERM (OCLC, RLIN)
Topical term or geographic name as entry element TAXATION
942 ## - ADDED ENTRY ELEMENTS (KOHA)
Suppress in OPAC 0
Holdings
Withdrawn status Lost status Source of classification or shelving scheme Damaged status Not for loan Home library Current library Shelving location Date acquired Total Checkouts Full call number Barcode Date last seen Copy number Price effective from Koha item type
    Dewey Decimal Classification     London London News article 07/03/2000   WB3610-52 104616-1001 06/08/2019 1 06/08/2019 News article